Rejected prophets : (Record no. 56362)

MARC details
000 -LEADER
fixed length control field 00549nam a22001577a 4500
008 - FIXED-LENGTH DATA ELEMENTS--GENERAL INFORMATION
fixed length control field 210622b ||||| |||| 00| 0 eng d
020 ## - INTERNATIONAL STANDARD BOOK NUMBER
International Standard Book Number 9781451470024
050 ## - LIBRARY OF CONGRESS CALL NUMBER
Classification number BS2589
Item number .M44 2013
100 ## - MAIN ENTRY--PERSONAL NAME
Personal name McWhirter, Jocelyn.
245 ## - TITLE STATEMENT
Title Rejected prophets :
Remainder of title Jesus and his witnesses in Luke-Acts /
Statement of responsibility, etc Jocelyn McWhirter.
260 ## - PUBLICATION, DISTRIBUTION, ETC. (IMPRINT)
Place of publication, distribution, etc Minneapolis :
Name of publisher, distributor, etc Fortress Press,
Date of publication, distribution, etc 2013
300 ## - PHYSICAL DESCRIPTION
Extent x, 144 pages ;
Dimensions 23 cm
500 ## - GENERAL NOTE
General note Includes bibliographical references and indexes.
650 ## - SUBJECT ADDED ENTRY--TOPICAL TERM
Topical term or geographic name as entry element Bible. Luke
General subdivision Criticism, interpretation,
942 ## - ADDED ENTRY ELEMENTS (KOHA)
Source of classification or shelving scheme Library of Congress Classification
Item type Book
Holdings
Withdrawn status Lost status Source of classification or shelving scheme Damaged status Not for loan Collection code Home library Current library Shelving location Date acquired Source of acquisition Cost, normal purchase price Full call number Barcode Copy number Price effective from Koha item type
    Library of Congress Classification     Non-fiction Bishop Okullu Memorial Library (Limuru Campus) Bishop Okullu Memorial Library (Limuru Campus) General Circulation 22/06/2021 Donation-TBN 2300.00 BS2589 .M44 2013 065360 1 22/06/2021 Book